| 000 | 00700nam a22001937a 4500 | ||
|---|---|---|---|
| 005 | 20251229145801.0 | ||
| 008 | 251229b |||||||| |||| 00| 0 eng d | ||
| 037 | _cTB | ||
| 040 |
_aAL _cAL |
||
| 041 |
_2pun _apun |
||
| 084 | _qAL | ||
| 100 |
_aਕਾਂਗ, ਕੁਲਬੀਰ ਸਿੰਘ _9860135 |
||
| 245 | _aਸੁੱਖਾਂ ਦਾ ਵਾਰਿਸ | ||
| 260 |
_aਅੰਮ੍ਰਿਤਸਰ, ਭਾਰਤ: _bਵਰਿਸ਼ ਸ਼ਾਹ, _c1990. |
||
| 300 | _a112 ਪ. | ||
| 365 |
_b100.00 _cINR |
||
| 942 |
_2CC _cTEXL _n0 |
||
| 999 |
_c1466574 _d1466574 |
||